LIBRARY & INFORMATION CENTRE, KCAET, TAVANUR

ONLINE PUBLIC ACCESS CATALOGUE (OPAC)

Sukshmadarsana prayoga sahayi / (Record no. 6180)

MARC details
000 -LEADER
fixed length control field 00516cam a2200205ua 4500
041 ## - LANGUAGE CODE
Language code of text/sound track or separate title mal
082 ## - DEWEY DECIMAL CLASSIFICATION NUMBER
Classification number 578.4
Item number GRA/SU
100 ## - MAIN ENTRY--AUTHOR NAME
Personal name Gray, Peter .
245 ## - TITLE STATEMENT
Title Sukshmadarsana prayoga sahayi /
260 ## - PUBLICATION, DISTRIBUTION, ETC. (IMPRINT)
Place of publication Thiruvananthapuram :
Name of publisher State Instititute of Languages ,
Year of publication 1975.
300 ## - PHYSICAL DESCRIPTION
Number of Pages 347 ; .
942 ## - ADDED ENTRY ELEMENTS (KOHA)
Koha item type Books
Holdings
Withdrawn status Lost status Damaged status Home library Current library Date acquired Full call number Accession Number Koha item type
      KAUAET KAUAET 07/04/2012 578.4 13934 Books
Withdrawn     KAUAET KAUAET 07/04/2012 578.4 13933 Books
      KAUAET KAUAET 07/04/2012 578.4 13780 Books
      KAUAET KAUAET 07/04/2012 578.4 13932 Books
free website counter